000 00512nam a2200181Ia 4500
005 20250326142823.0
008 250326s9999 xx 000 0 und d
037 _aTextbook
040 _aFMSL
_beng
_cFMSL
041 _aeng
_2eng
084 _aX.5923 M3
_qFMSL
100 _aEstrin S
_9746664
245 0 _aSelf-management: Economic theory and yugoslax practice
_cEstrin S
260 _aNY
_bNY, Cambridge univ.
_c1983
300 _a277p
942 _cTB
_hX.5923 M3
999 _c1296788
_d1296788